Translators through history

Saved in:
Bibliografiske detaljer
Main Authors: Delisle, Jean (Author), Woodsworth, Judith (Author)
Format: Bog
Sprog:engelsk
Udgivet: Amsterdam John Benjamins 1995
Serier:Benjamins Translation Library, 13
Fag:
Tags: Tilføj Tag
Ingen Tags, Vær først til at tagge denne postø!

MARC

LEADER 00000nam a2200000 a 4500
001 UCL9961
003 CL-VaPUC
008 040903e19950000NE |||||||||||||||||eng|d
020 |a 9027216169 
082 0 4 |a 418.02  |b DEL  |2 21 
100 0 |a Delisle, Jean  |e author  |9 487912 
700 0 |a Woodsworth, Judith  |e author  |9 487913 
245 1 0 |a Translators through history 
300 |a 345 p 
942 |c BK 
945 |d 20040903 00:00:00  |a cmena 
260 |a Amsterdam  |b John Benjamins  |c 1995 
650 0 |a Traducción e interpretación  |9 315998 
650 0 |a Lingüística aplicada   |9 313266 
650 0 |a Análisis del discurso  |9 256696 
650 0 |a Traductores  |9 357262 
583 |a last modification  |c 20040903 00:00:00  |k Rodrigo Vera 
490 0 |a Benjamins Translation Library, 13 
999 |c 310576  |d 310574 
952 |0 0  |1 0  |4 0  |6 418_020000000000000_DEL_1995  |7 0  |8 A  |9 379192  |a BIBEDU  |b BIBEDU  |d 2019-11-21  |i 4059522  |o 418.02 DEL 1995  |p 4059522  |r 2019-11-21  |w 2019-11-21  |y BK  |k CIT 
952 |0 0  |1 0  |4 0  |6 418_020000000000000_DEL_1995  |7 0  |8 A  |9 379193  |a BIBEDU  |b BIBEDU  |d 2019-11-21  |i 4059530  |o 418.02 DEL 1995  |p 4059530  |r 2019-11-21  |w 2019-11-21  |y BK  |k CIT